000 00574nam a22002057a 4500
003 KOHA_MİRAKIL
005 20260331102945.0
008 260331b tu ||||| |||| 00| 0 tur d
020 _a9789963290437
040 _aTR-AnABB
_btur
_cTR-AnABB
041 _atur
082 _a813.42
_bSAH 2013
100 1 _aŞahoğlu, Hasibe
245 1 0 _aZemzem'in kırmızı çarşafı /
_cHasibe Şahoğlu
260 _aKıbrıs :
_b[yayl. y.] ,
_c2013
300 _a87 sayfa ;
_c18 cm
500 _aYazar imzalı
650 0 4 _aTürk edebiyatı, roman
942 _2ddc
_cBK
999 _c10104
_d10104
900 _bCan ÇELIK